L'Aigua : exercicis pràctics exercicis pràctics
Descripción Física:
24 f. : il. ; 29 cm + 1 diari
MARC
| LEADER | 00000nam a2200000Ia 4500 | ||
|---|---|---|---|
| 001 | 21256 | ||
| 008 | 160829s1981 xx 000 0 cat d | ||
| 080 | |a FU-37-11 | ||
| 245 | |a L'Aigua : |b exercicis pràctics | ||
| 260 | |a Barcelona : |b Diputació de Barcelona. Servei del Medi Ambient, |c 1981 | ||
| 300 | |a 24 f. : |b il. ; |c 29 cm + 1 diari | ||
| 590 | |a Material pedagògic de la camapanya: L'aigua, què en fem?. | ||
| 590 | |a Inclou: Petit joc de l'aigua. Full informatiu 'El Pregoner' (set. 1981, núm. 001). | ||
| 590 | |a Núm. de full registral: 4671 | ||
| 650 | |a Aigua |x Problemes, exercicis, etc. |9 42428 | ||
| 650 | |a Jocs en l'educació ambiental |9 42429 | ||
| 710 | 1 | |a Barcelona (Catalunya : Província). |b Servei de Medi Ambient |9 53475 | |
| 901 | |a Arxiu | ||
| 942 | |n 1 | ||
| 952 | |0 0 |1 0 |4 0 |6 FU3711 |7 1 |9 50846 |a Arxiu |b Arxiu |d 2016-12-01 |l 0 |o FU-37-11 |p 21256 |r 2016-12-01 00:00:00 |w 2016-12-01 |y ARXIU | ||
| 999 | |c 54688 |d 54688 | ||